|
|
|
|
| LEADER |
05068nam a2200553 a 4500 |
| 001 |
53099099 |
| 003 |
BD-DhAAL |
| 005 |
20211213162635.0 |
| 008 |
120417t2012 nyua b 001 0 eng |
| 999 |
|
|
|c 12084
|d 12084
|
| 010 |
|
|
|a 2003065174
|
| 020 |
|
|
|a 007108617x
|
| 020 |
|
|
|a 9780071086172
|
| 020 |
|
|
|a 0071151559
|
| 020 |
|
|
|a 0072465239 (acid-free paper)
|
| 020 |
|
|
|a 9780071325813
|
| 040 |
|
|
|a DLC
|c DLC
|d OCLCQ
|d EQF
|d BD-DhAAL
|
| 042 |
|
|
|a pcc
|
| 050 |
0 |
0 |
|a TK2000
|b .C46 2012
|
| 082 |
0 |
0 |
|a 621.31042
|2 23
|
| 100 |
1 |
|
|a Chapman, Stephen J.
|9 25028
|
| 245 |
1 |
0 |
|a Electric machinery fundamentals /
|c Stephen J. Chapman.
|
| 250 |
|
|
|a Fifth edition
|
| 260 |
|
|
|a New York, NY :
|b McGraw-Hill Higher Education,
|c c2012.
|
| 300 |
|
|
|a xxiv, 680 pages :
|b illustrations ;
|c 24 cm.
|
| 504 |
|
|
|a Includes bibliographical references and index.
|
| 505 |
|
|
|a 1 Introduction to Machinery Principles 2 Transformers 3 AC Machinery Fundamentals 4 Synchronous Generators 5 Synchronous Motors 6 Induction Motors 7 DC Machinery Fundamentals 8 DC Motors and Generators 9 Single-Phase and Special-Purpose Motors Appendix A Three-Phase Circuits Appendix B Coil Pitch and Distributed Windings Appendix C Salient-Pole Theory of Synchronous Machines Appendix D Tables of Contents and Conversion Factors
|
| 520 |
|
|
|a Electric Machinery Fundamentals continues to be a best-selling machinery text due to its accessible, student-friendly coverage of the important topics in the field. In the fifth edition, the use of MATLAB (R) continues to be incorporated in examples and problems, where applicable.
|
| 526 |
|
|
|a EEE
|
| 541 |
|
|
|a Karim International
|e 00025006, 34134, 34135, 34156, 34137, 34138
|
| 650 |
|
0 |
|a Electric machinery.
|9 25029
|
| 650 |
|
0 |
|a Electrical engineering.
|9 42622
|
| 852 |
1 |
|
|a Ayesha Abed Library
|c General Stacks
|
| 942 |
0 |
0 |
|0 4
|2 ddc
|c BK
|
| 952 |
|
|
|0 0
|1 4
|2 ddc
|4 0
|6 621_310420000000000_CHA
|7 0
|9 20045
|a BRACUL
|b BRACUL
|c GEN
|d 2012-04-17
|e karim International
|g 3090.00
|l 14
|m 132
|o 621.31042 CHA
|p 3010025006
|r 2016-08-09
|s 2016-06-21
|t 1
|w 2012-04-17
|y BK
|x Koha Inventory 2020
|
| 952 |
|
|
|0 0
|1 0
|2 ddc
|4 0
|6 621_310420000000000_CHA
|7 0
|9 20046
|a BRACUL
|b BRACUL
|c GEN
|d 2012-04-17
|e karim International
|g 3090.00
|l 42
|m 365
|o 621.31042 CHA
|p 3010025007
|r 2026-04-21
|s 2025-10-30
|t 2
|w 2012-04-17
|y BK
|
| 952 |
|
|
|0 0
|1 0
|2 ddc
|4 0
|6 621_310420000000000_CHA
|7 0
|9 20047
|a BRACUL
|b BRACUL
|c GEN
|d 2012-04-17
|e karim International
|g 3090.00
|l 22
|m 225
|o 621.31042 CHA
|p 3010025008
|q 2026-06-30
|r 2026-03-02
|s 2026-03-02
|t 3
|w 2012-04-17
|y BK
|
| 952 |
|
|
|0 0
|1 0
|2 ddc
|4 0
|6 621_310420000000000_CHA
|7 0
|9 20048
|a BRACUL
|b BRACUL
|c GEN
|d 2012-04-17
|e karim International
|g 3090.00
|l 37
|m 381
|o 621.31042 CHA
|p 3010025009
|q 2026-06-02
|r 2025-11-09
|s 2025-11-09
|t 4
|w 2012-04-17
|y BK
|
| 952 |
|
|
|0 0
|1 0
|2 ddc
|4 0
|6 621_310420000000000_CHA
|7 0
|9 20049
|a BRACUL
|b BRACUL
|c GEN
|d 2012-04-17
|e karim International
|g 3090.00
|l 41
|m 346
|o 621.31042 CHA
|p 3010025010
|q 2025-11-05
|r 2025-10-29
|s 2025-10-29
|t 5
|w 2012-04-17
|y BK
|
| 952 |
|
|
|0 0
|1 0
|2 ddc
|4 0
|6 621_310420000000000_CHA
|7 0
|9 62694
|a BRACUL
|b BRACUL
|c GEN
|d 2018-02-06
|e STS International
|g 4700.00
|l 14
|m 182
|o 621.31042 CHA
|p 3010032761
|q 2026-04-07
|r 2025-10-12
|s 2025-10-12
|t 8
|v 4700.00
|w 2018-02-06
|y BK
|
| 952 |
|
|
|0 0
|1 0
|2 ddc
|4 0
|6 621_310420000000000_CHA
|7 0
|9 62695
|a BRACUL
|b BRACUL
|c GEN
|d 2018-02-06
|e STS International
|g 4700.00
|l 19
|m 152
|o 621.31042 CHA
|p 3010032763
|r 2026-05-19
|s 2026-04-21
|t 10
|v 4700.00
|w 2018-02-06
|y BK
|
| 952 |
|
|
|0 0
|1 0
|2 ddc
|4 0
|6 621_310420000000000_CHA
|7 0
|9 62696
|a BRACUL
|b BRACUL
|c GEN
|d 2018-02-06
|e STS International
|g 4700.00
|l 18
|m 165
|o 621.31042 CHA
|p 3010032762
|r 2026-05-17
|s 2026-02-03
|t 9
|v 4700.00
|w 2018-02-06
|y BK
|
| 952 |
|
|
|0 0
|1 0
|2 ddc
|4 0
|6 621_310420000000000_CHA
|7 0
|9 62726
|a BRACUL
|b BRACUL
|c GEN
|d 2018-02-12
|e STS International
|g 4700.00
|l 18
|m 134
|o 621.31042 CHA
|p 3010032745
|r 2026-05-19
|s 2026-04-22
|t 6
|v 4700.00
|w 2018-02-12
|y BK
|
| 952 |
|
|
|0 0
|1 0
|2 ddc
|4 0
|6 621_310420000000000_CHA
|7 0
|9 62727
|a BRACUL
|b BRACUL
|c GEN
|d 2018-02-12
|e STS International
|g 4700.00
|l 20
|m 164
|o 621.31042 CHA
|p 3010032746
|r 2026-04-22
|s 2026-04-15
|t 7
|v 4700.00
|w 2018-02-12
|y BK
|
| 952 |
|
|
|0 0
|1 0
|2 ddc
|4 0
|6 621_310420000000000_CHA
|7 0
|9 64869
|a BRACUL
|b BRACUL
|c GEN
|d 2019-01-02
|e Karim International
|g 4030.00
|l 13
|m 162
|o 621.31042 CHA
|p 3010034136
|r 2026-05-21
|s 2025-06-22
|t 13
|v 4030.00
|w 2019-01-02
|y BK
|
| 952 |
|
|
|0 0
|1 0
|2 ddc
|4 0
|6 621_310420000000000_CHA
|7 0
|9 64870
|a BRACUL
|b BRACUL
|c GEN
|d 2019-01-02
|e 5
|g 4030.00
|l 11
|m 144
|o 621.31042 CHA
|p 3010034137
|r 2026-05-17
|s 2026-04-13
|t 14
|v 4030.00
|w 2019-01-02
|y BK
|
| 952 |
|
|
|0 0
|1 0
|2 ddc
|4 0
|6 621_310420000000000_CHA
|7 0
|9 64871
|a BRACUL
|b BRACUL
|c GEN
|d 2019-01-02
|e 5
|g 4030.00
|l 15
|m 174
|o 621.31042 CHA
|p 3010034138
|q 2026-06-02
|r 2026-01-31
|s 2026-01-31
|t 15
|v 4030.00
|w 2019-01-02
|y BK
|
| 952 |
|
|
|0 0
|1 0
|2 ddc
|4 0
|6 621_310420000000000_CHA
|7 0
|9 64872
|a BRACUL
|b BRACUL
|c GEN
|d 2019-01-02
|e Karim International
|g 4030.00
|l 17
|m 195
|o 621.31042 CHA
|p 3010034135
|r 2026-05-03
|s 2026-05-02
|t 12
|v 4030.00
|w 2019-01-02
|y BK
|
| 952 |
|
|
|0 0
|1 0
|2 ddc
|4 0
|6 621_310420000000000_CHA
|7 0
|9 64873
|a BRACUL
|b BRACUL
|c GEN
|d 2019-01-02
|e Karim International
|g 4030.00
|l 18
|m 169
|o 621.31042 CHA
|p 3010034134
|r 2026-05-19
|s 2026-02-01
|t 11
|v 4030.00
|w 2019-01-02
|y BK
|